000
00281nam a2200109Ia 4500
999
_c
7165
_d
7165
020
_a
978-0-07-070655-2.
100
_a
Frank S.Budnick
245
0
_a
Applied Mathematics for Business Economics and School Science
260
_a
New York
_b
Macmillan
_c
1993
300
_a
993
942
_c
BK